50 Largest Cities (according to different sources) Map Quiz - Statistics

General Stats
  • This quiz has been taken 2,071 times
    112 since last reset
  • The average score is 50 of 64
Answers on the Map
Answers color-coded by a green-red scale on the quiz's map according to % correct below.
 
Answer Stats
Demographia CityPopulation United Nations WorldPopulationReview City % Correct
11 15 16 8 Beijing
100%
18 18 19 25 Moscow
100%
38 42 36 31 Paris
100%
21 23 21 17 Buenos Aires
99%
5 4 4 2 Delhi
99%
37 28 33 37 London
99%
22 22 27 130 Los Angeles
99%
17 8 15 7 Mexico City
99%
14 13 22 49 New York
99%
3 3 3 1 Tokyo
99%
10 11 7 5 Cairo
98%
30 34 35 23 Rio de Janeiro
98%
26 26 18 15 Istanbul
97%
6 7 12 9 Mumbai
97%
12 12 13 6 Sao Paulo
97%
39 39 32 29 Lima
96%
2 2 5 3 Shanghai
96%
16 13 14 30 Bangkok
95%
4 5 1 28 Jakarta
95%
40 45 31 27 Bogota
94%
9 9 10 35 Seoul
94%
48 51 125 195 Chicago
93%
23 16 26 14 Lagos
93%
28 23 38 39 Tehran
93%
1 1 6 19 Guangzhou
92%
24 29 50 62 Johannesburg
91%
7 6 8 18 Manila
90%
15 20 9 16 Kolkata
88%
25 21 25 10 Osaka
88%
42 38 46 44 Wuhan
88%
20 33 20 38 Ho Chi Minh City
87%
13 17 11 12 Karachi
87%
29 25 30 13 Kinshasa
87%
49 50 52 52 Riyadh
85%
8 10 2 4 Dhaka
84%
34 36 29 26 Chennai
82%
43 52 41 43 Kuala Lumpur
82%
50 35 77 41 Xi'an
82%
27 31 17 20 Lahore
81%
19 30 24 22 Bangalore
80%
41 40 37 32 Hyderabad
79%
51 19 64 36 Chengdu
78%
44 48 39 186 Taipei
76%
62 63 63 50 Baghdad
73%
36 36 51 11 Chongqing
71%
79 27 278 116 Xiamen
70%
35 50 28 34 Luanda
69%
45 46 49 40 Nagoya
69%
1* 1* 23 24 Shenzhen
69%
47 83 42 48 Dar es Salaam
68%
33 40 47 21 Tianjin
66%
52 49 44 42 Ahmedabad
63%
46 53 57 33 Nanjing
57%
83 87 48 72 Alexandria
56%
31 31 45 46 Hangzhou
54%
144 42 138 85 Changsha
53%
58 76 40 191 Bandung
52%
69 95 54 159 Surabaya
50%
68 47 86 67 Zhengzhou
45%
78 58 53 47 Surat
36%
67* 44 183* 520* Rhine-Ruhr Area
33%
32 58 61* 95 Shantou
22%
2* 3* 43 45 Suzhou
22%
- - 34 - Hajipur
17%
No matching quizzes found
Score Distribution
Percent of People with Each Score
Percentile by Number Answered
Your Score History
You have not taken this quiz since the last reset